L'analyse quantitative des données (notice n° 1925041)

détails MARC
000 -LEADER
fixed length control field 01533cam a2200145 4500500
005 - DATE AND TIME OF LATEST TRANSACTION
control field 20260329023137.0
041 ## - LANGUAGE CODE
Language code of text/sound track or separate title fre
042 ## - AUTHENTICATION CODE
Authentication code dc
100 10 - MAIN ENTRY--PERSONAL NAME
Personal name Beraud Martin, Olivier
Relator term author
245 00 - TITLE STATEMENT
Title L'analyse quantitative des données
260 ## - PUBLICATION, DISTRIBUTION, ETC.
Name of publisher, distributor, etc. Armand Colin,<br/>
Date of publication, distribution, etc. 2020.<br/>
520 ## - SUMMARY, ETC.
Summary, etc. Cet ouvrage répond avec clarté et rigueur aux questions majeures que se posent tout concepteur d’enquête par questionnaire et toute personne souhaitant analyser statistiquement des données  : qu’est-ce qu’un échantillon représentatif, un pourcentage significatif et une «  bonne estimation  »  ? Comment recoder des variables et concevoir des indicateurs  ? Comment analyser leurs relations, avec quelles méthodes  ? Comment interpréter des résultats  ? Sans recours inutile au formalisme mathématique, il expose les principes des raisonnements statistiques en sociologie. Les présentations des méthodes et notions sont accompagnées d’exemples concrets, issus de vraies enquêtes. Tous les éléments sont fournis pour comprendre, analyser et produire des données, que ce soit en sociologie ou dans les domaines des études, du marketing, des sondages d’opinion ou des enquêtes de comportement. L’ouvrage, actualisé dans cette 5e édition, répond aux besoins bien identifiés des étudiants, enseignants comme des chargés d’études.
700 10 - ADDED ENTRY--PERSONAL NAME
Personal name Martin, Olivier
Relator term author
856 41 - ELECTRONIC LOCATION AND ACCESS
Uniform Resource Identifier <a href="https://shs.cairn.info/l-analyse-quantitative-des-donnees--9782200626945?lang=fr&redirect-ssocas=7080">https://shs.cairn.info/l-analyse-quantitative-des-donnees--9782200626945?lang=fr&redirect-ssocas=7080</a>

Pas d'exemplaire disponible.

PLUDOC

PLUDOC est la plateforme unique et centralisée de gestion des bibliothèques physiques et numériques de Guinée administré par le CEDUST. Elle est la plus grande base de données de ressources documentaires pour les Étudiants, Enseignants chercheurs et Chercheurs de Guinée.

Adresse

627 919 101/664 919 101

25 boulevard du commerce
Kaloum, Conakry, Guinée

Réseaux sociaux

Powered by Netsen Group @ 2025